[Event "Hordaland-ch NGP"]
[Site "Bergen"]
[Date "2016.05.28"]
[Round "3"]
[White "Haugsvaer, Lisbeth"]
[Black "Kringstad, Svein Erik"]
[Result "1-0"]
[WhiteElo "1414"]
[BlackElo "1058"]
[PlyCount "79"]
[EventDate "2016.05.27"]
[EventType "swiss"]
[EventRounds "5"]
[EventCountry "NOR"]
[SourceTitle "EXT 2024"]
[Source "ChessBase"]
[SourceDate "2023.10.10"]
[SourceVersion "1"]
[SourceVersionDate "2023.10.10"]
[SourceQuality "1"]

1. d4 Nf6 2. Nf3 e6 3. g3 b6 4. Bg2 Bb7 5. 0-0 Be7 6. c4 d6 7. Nc3 0-0 8. Re1 Nbd7 9. e4 e5 10. d5 Rc8 11. Nh4 Re8 12. Nf5 Bf8 13. Bg5 c6 14. dxc6 Rxc6 15. b3 g6 16. Nh6+ Kg7 17. Ng4 a6 18. Nd5 Be7 19. Nxe7 Qxe7 20. Re3 Qe6 21. Bh3 Nxg4 22. Bxg4 f5 23. exf5 gxf5 24. Bh5 Rf8 25. Qd3 Nc5 26. Qe2 f4 27. gxf4 Qf5 28. Qf3 Ne6 29. Be7 Rg8 30. fxe5 Kh6+ 31. Kf1 Qxh5 32. Qf6+ Rg6 33. Bf8+ Nxf8 34. Qxf8+ Rg7 35. Qf6+ Rg6 36. Qf8+ Rg7 37. e6 Rc8 38. e7 Re8 39. Re6+ Kg5 40. Qxg7+ 1-0

[Event "Hordaland-ch NGP"]
[Site "Bergen"]
[Date "2016.05.27"]
[Round "1"]
[White "Haugsvaer, Lisbeth"]
[Black "Sangolt, Jorgen"]
[Result "1/2-1/2"]
[WhiteElo "1414"]
[BlackElo "958"]
[PlyCount "89"]
[EventDate "2016.05.27"]
[EventType "swiss"]
[EventRounds "5"]
[EventCountry "NOR"]
[SourceTitle "EXT 2024"]
[Source "ChessBase"]
[SourceDate "2023.10.10"]
[SourceVersion "1"]
[SourceVersionDate "2023.10.10"]
[SourceQuality "1"]

1. d4 Nf6 2. Nf3 d5 3. g3 Bf5 4. Bg2 e6 5. 0-0 c5 6. c4 Bxb1 7. Rxb1 Nc6 8. cxd5 exd5 9. dxc5 Bxc5 10. Qb3 Qb6 11. Qxb6 Bxb6 12. Rd1 Ne4 13. e3 Rd8 14. Nd2 Nf6 15. Nf3 0-0 16. b3 Rfe8 17. Bb2 Ne4 18. Nd4 Nxd4 19. Bxd4 Bxd4 20. Rxd4 Re5 21. Rbd1 Nc3 22. R1d2 b6 23. e4 f5 24. f3 fxe4 25. fxe4 Kf7 26. R4d3 Nxe4 27. Bxe4 Rxe4 28. Rxd5 Rxd5 29. Rxd5 Ke6 30. Rd8 Re1+ 31. Kf2 Ra1 32. Rd2 g5 33. Kf3 h5 34. Ke4 Re1+ 35. Kf3 Ke5 36. h3 Re4 37. Rd7 g4+ 38. hxg4 hxg4+ 39. Kf2 a5 40. Rb7 Rb4 41. Ke3 a4 42. bxa4 Rxa4 43. Rxb6 Rxa2 44. Rb5+ Kf6 45. Rb6+ 1/2-1/2

[Event "Bergen Grand Prix"]
[Site "Bergen"]
[Date "2009.11.28"]
[Round "2"]
[White "Dyrhovden, Sigve"]
[Black "Haugsvaer, Lisbeth"]
[Result "1/2-1/2"]
[WhiteElo "1590"]
[BlackElo "1542"]
[PlyCount "82"]
[EventDate "2009.11.27"]
[EventType "swiss"]
[EventRounds "5"]
[EventCountry "NOR"]
[SourceTitle "EXT 2024"]
[Source "ChessBase"]
[SourceDate "2023.10.10"]
[SourceVersion "1"]
[SourceVersionDate "2023.10.10"]
[SourceQuality "1"]

1. d4 Nc6 2. d5 Ne5 3. e4 e6 4. Nf3 Ng6 5. Bd3 e5 6. 0-0 Bc5 7. Be3 Bxe3 8. fxe3 a6 9. c4 d6 10. Nc3 Nf6 11. b4 Ng4 12. Qe1 h5 13. h4 Nh6 14. Qg3 Bg4 15. Ng5 Qd7 16. Rf2 f6 17. Ne6 Nf8 18. Nxf8 Rxf8 19. c5 Qe7 20. cxd6 cxd6 21. b5 axb5 22. Nxb5 Kf7 23. Rc2 Rfc8 24. Rac1 Rxc2 25. Rxc2 Rc8 26. Qf2 Bd7 27. Rxc8 Bxc8 28. Be2 Ng4 29. Bxg4 Bxg4 30. Nc3 Qc7 31. Ne2 Qc2 32. Ng3 Qxf2+ 33. Kxf2 g6 34. Ke1 Ke7 35. Kd2 Kd7 36. Kc3 Kc7 37. Kb4 Kb6 38. Nf1 Be2 39. Nd2 Bd3 40. Kc3 Be2 41. Kb4 Bd3 1/2-1/2

[Event "Bergen Sommer op-A"]
[Site "Bergen"]
[Date "2008.08.04"]
[Round "2"]
[White "Demac, Elias"]
[Black "Haugsvaer, Lisbeth"]
[Result "1-0"]
[WhiteElo "1862"]
[BlackElo "1219"]
[PlyCount "79"]
[EventDate "2008.08.03"]
[EventType "swiss"]
[EventRounds "6"]
[EventCountry "NOR"]
[SourceTitle "EXT 2010"]
[Source "ChessBase"]
[SourceDate "2010.11.25"]
[SourceVersion "1"]
[SourceVersionDate "2010.11.25"]
[SourceQuality "1"]

1. g3 d5 2. f4 e6 3. Nf3 Bd6 4. Bg2 Ne7 5. 0-0 0-0 6. d3 Nd7 7. e4 dxe4 8. dxe4 f6 9. Qe2 Nc6 10. Be3 Kh8 11. c4 b6 12. a3 Bb7 13. b4 e5 14. f5 Ne7 15. Nh4 Qe8 16. Nc3 g5 17. fxg6 Nxg6 18. Nf5 Rf7 19. Nh6 Rg7 20. Nb5 Ndf8 21. Nxd6 cxd6 22. Rxf6 Qe7 23. Raf1 Nf4 24. gxf4 Qxf6 25. fxe5 Qe6 26. Nf5 Rg6 27. exd6 Qxe4 28. Bd4+ Qxd4+ 29. Nxd4 Rxg2+ 30. Qxg2 Bxg2 31. Kxg2 Nd7 32. Ne6 Rg8+ 33. Kh1 Rg6 34. Rf7 Ne5 35. Rf8+ Rg8 36. c5 Rxf8 37. Nxf8 Kg8 38. d7 Nc6 39. cxb6 axb6 40. Ne6 1-0